00925cam a22002657a 4500003000500000005001700005008004100022010001000063011001000073020001500083035001000098040000900108082002000117110006000137245020900197260007600406300001100482410000800493490004100501650001900542650002700561650002200588810000800610830004100618CHAP20220817043539.0990607d1993 it rn 00110 spa d a78163 a79135 a9253033800 a89289 cCHAP04a628.1bF34Y v.1 aFAO. Oficina Regional para América Latina y el Caribe10aPrevención de la contaminación del agua por la agricultura y actividades afines :bAnales de la consulta de expertos organizada por la FAOc/por FAO. Oficina Regional para América Latina y el Caribe aRome :bFAO. Oficina Regional para América Latina y el Caribe,c1993. a385 p.2 aFAO 0aInformes sobre temas hídricosv; 114aAguaxCalidad.14aAguaxContaminación.14aAguas residuales.0 aFAO00aInformes sobre temas hídricosv; 1